Statystyki dla Marki chipsów

Kliknij tutaj aby rozwiązać quiz!

Ogólne statystyki

  • Ten quiz został rozwiązany 8 775 razy
    (8 685 od ostatniego zresetowania)
  • Średni wynik to 6 z 18

Statystyki odpowiedzi

Marka% Poprawnych
Lays
99%
Crunchips
67%
Pringles
60%
Top Chips (marka Biedronki)
60%
Cheetos
57%
Star Chips
45%
Doritos
42%
Wiejskie Ziemniaczki
37%
Przysnacki
23%
chipsletten
16%
Monster Munch
12%
Snack Day (marka Lidla)
8%
Twistos
8%
Big Snack
7%
Chio Chips
7%
Crusti Croc (marka Lidla)
3%
Sunbites
3%
Pop Cool Chips
2%

Rozkład punktacji

Percentyl według liczby udzielonych odpowiedzi

Procent ludzi z każdym wynikiem

Twoja historia wyników

Nie rozwiązałeś tego quizu od ostatniego zresetowania